00529 2200205 4500001002100000005001500021008004100036020002200077035001900099041000700118082001200125090001800137100002000155245006300175250000900238260002800247300002400275500001000299650001400309INLIS00000000000567320241224113138241224||||||||| | ||| |||| || |  a978-602-9018-80-6 0010-1224005673 aid0 a658.152 a658.152 DID M0 aDidit Herlianto00aManajemen Investasi Plus Jurus Mendeteksi Investasi Bodong aED.1 bGosyen Publishingc2013 axiv,223hal;16x23 cm aCET.1 0amanajemen